000 00442cam a2200181 4500
001 D14583
008 090401t1970 xxu||||| |||| 00| 0 eng d
035 _a(Sirsi) u16669
041 _aeng
050 _a229
110 _aBible
_9105
245 4 _aThe New English Bible: The Apocrypha
260 _aOxford
_bOxford University Press/Cambridge Univer
_c1970
300 _a362p. 23cm
350 _a1.25
942 _n0
948 _c04/03/1997
999 _c87445
_d87445